00787 2200229 4500001002100000005001700021008004100038035002500079040001200104082001500116084002000131100002100151245015900172260004800331300003900379500002700418504002500445650004000470700001700510850001200527990001800539INLIS00000000000947020150810134150.0  a0010-081500000000908 aYOPDYOG 223a384.55 aSK 384.55 Sla P aSLAMET Supriyadi aProses bemberian alokasi frekuensi bagi bisnis penyiaran televisi setelah berlakunya Undang-undang No. 32 Tahun 2002 tentang penyiaranc/ Slamet Supriyadi aYogyakartabUniversitas Widya Mataramc2005 axi, 61 lembarb: ilus.c; 29,5 cm. aSkripsi Fakultas Hukum aBibliografi: hlm. 61 aTelevisi penyiaran -- Undang-undang aZAKI Sierrad aYOPDYOG a47688-PD/A.15